00569nam a2200241Ia 450000500170000000800460001702000180006303700100008104000080009104000080009904000080010704100080011504100080012308400080013110000220013924500330016124500350019426000230022926000090025236500050026136500080026685600530027420260324145012.0008 260324s9999 xx 000 0 eng d a9780203988176 aEBOOK aCRL beng cCRL 2eng aeng qCRL aJohn Ralph Willis 0aSlaves and Slavery in Africa 0bVolume Two: The Servile Estate bTaylor and Francis c1985 a b240 uhttp://www.taylorfrancis.com/books/9780203988176